| 000 | 00817cab a2200241 4500 | ||
|---|---|---|---|
| 001 | WB3345-18 | ||
| 008 | 090401t1997 xxu||||| |||| 00| 0 eng d | ||
| 035 | _a(Sirsi) u82174 | ||
| 041 | _aeng | ||
| 245 | _aDevelopers help to limit supply | ||
| 260 | _c1997 | ||
| 350 | _a0 | ||
| 490 |
_aProperty Week _v61(7) 14 November 1997, 6(1) |
||
| 520 | _aDevelopers` caution should prevent excessive levels of office over-supply in central London, according to DTZ Debenham Thorpe`s latest market report "Central London Offices". | ||
| 650 | _aLONDON | ||
| 650 | _aOFFICE DEVELOPMENT | ||
| 650 | _aPROPERTY-COMMERCIAL PROPERTY-OFFICE PROPERTY-OFFICE PROPERTY MARKET | ||
| 650 | _aOFFICE TAKE-UP | ||
| 650 | _aSUPPLY AND DEMAND | ||
| 690 | _aPROPERTY-PROPERTY DEVELOPMENT | ||
| 942 | _n0 | ||
| 948 | _c18/11/1997 | ||
| 999 |
_c51837 _d51837 |
||